Geography Quiz

Random Geography or World Quiz

Salt Producing Countries Quiz Stats

 Plays Quiz Updated Apr 2, 2018

Score 0/20 Timer 05:00
0 Plays Today
Metric tons Country % Correct
40,100,000United States
97.6%
64,603,000China
96.2%
23,019,300India
88.7%
12,400,000Brazil
88.1%
12,210,082Canada
86.8%
10,297,955Mexico
86%
6,300,000France
85.9%
6,930,000United Kingdom
84.4%
3,050,282Spain
81.9%
18,554,003Germany
80.7%
Metric tons Country % Correct
13,503,763Australia
80.2%
2,879,174Italy
79.8%
2,900,000Egypt
66.4%
6,576,960Chile
66%
5,000,000Turkey
65.4%
2,735,500Poland
62.6%
3,000,000Iran
60.2%
5,796,287Ukraine
50.8%
6,517,000Netherlands
40.4%
3,717,603Austria
39.5%

You're not logged in!

Compare scores with friends on all Sporcle quizzes.
OR
Log In

Sporcle TV

Today on Sporcle TV


Watch our educational content, quiz creation guides, and fun videos on Sporcle TV.

Show Comments

Extras

Top Quizzes Today


Score Distribution

Your Account Isn't Verified!

In order to create a playlist on Sporcle, you need to verify the email address you used during registration. Go to your Sporcle Settings to finish the process.

Report this User

Report this user for behavior that violates our Community Guidelines.

Details: